Statistics for Edgar Allan Poe - The Raven

Click here to take the quiz!

General Stats

  • This quiz has been taken 16 times
  • The average score is 76 of 1085

Answer Stats

% Correct
a
100%
and
100%
dreary,
100%
many
100%
midnight
100%
Once
100%
Over
100%
pondered,
100%
upon
100%
weak
100%
weary,
100%
a
83%
a
83%
and
83%
As
83%
came
83%
curious
83%
forgotten
83%
gently
83%
I
83%
I
83%
lore—
83%
napping,
83%
nearly
83%
of
83%
of
83%
one
83%
quaint
83%
some
83%
suddenly
83%
tapping,
83%
there
83%
volume
83%
and
67%
at
67%
at
67%
chamber
67%
chamber
67%
door—
67%
door.
67%
I
67%
more.”
67%
muttered,
67%
my
67%
my
67%
nodded,
67%
nothing
67%
rapping,
67%
rapping
67%
“tapping
67%
this
67%
“’Tis
67%
visitor,”
67%
while
67%
While
67%
Only
50%
some
50%
Ah,
33%
And
33%
bleak
33%
December;
33%
distinctly
33%
dying
33%
each
33%
ember
33%
floor.
33%
ghost
33%
I
33%
in
33%
it
33%
its
33%
remember
33%
separate
33%
the
33%
the
33%
upon
33%
was
33%
wrought
33%
a
17%
above
17%
all
17%
And
17%
And
17%
And
17%
and
17%
and
17%
and
17%
and
17%
angels
17%
at
17%
at
17%
at
17%
be
17%
books
17%
borrow
17%
bust
17%
But
17%
came
17%
came
17%
chamber
17%
chamber
17%
chamber
17%
chamber
17%
Darkness
17%
demon’s
17%
door;—
17%
door;—
17%
door,
17%
door—
17%
door;
17%
dreaming,
17%
Eagerly
17%
entrance
17%
entrance
17%
entreating
17%
entreating
17%
evermore.
17%
eyes
17%
fact
17%
flitting,
17%
For
17%
for
17%
for
17%
forgiveness
17%
From
17%
gently
17%
grew
17%
had
17%
have
17%
here
17%
hesitating
17%
his
17%
I
17%
I
17%
I
17%
I
17%
I,
17%
implore;
17%
is
17%
is
17%
is
17%
is
17%
just
17%
late
17%
Lenore—
17%
Lenore—
17%
lifted—
17%
longer,
17%
lost
17%
Madam,
17%
maiden
17%
more.
17%
more.”
17%
morrow;—
17%
my
17%
my
17%
my
17%
my
17%
my
17%
my
17%
name
17%
Nameless
17%
napping,
17%
never
17%
nevermore!
17%
no
17%
nothing
17%
nothing
17%
of
17%
of
17%
of
17%
On
17%
“or
17%
Pallas
17%
Presently
17%
radiant
17%
rapping,
17%
rare
17%
Raven,
17%
said
17%
seeming
17%
Shall
17%
“Sir,”
17%
sitting,
17%
sitting
17%
so
17%
so
17%
some
17%
Some
17%
sorrow
17%
sorrow—
17%
sought
17%
soul
17%
still
17%
still
17%
stronger;
17%
surcease
17%
tapping
17%
tapping,
17%
that
17%
the
17%
the
17%
the
17%
the
17%
the
17%
the
17%
the
17%
the
17%
the
17%
then
17%
there
17%
This
17%
“’Tis
17%
to
17%
truly
17%
vainly
17%
visitor
17%
visitor
17%
was
17%
whom
17%
wished
17%
you
17%
you
17%
your
17%
a
0%
a
0%
a
0%
a
0%
a
0%
a
0%
a
0%
a
0%
a
0%
a
0%
a
0%
above
0%
above
0%
above
0%
above
0%
above
0%
above
0%
adore—
0%
again
0%
agreeing
0%
ah,
0%
Aidenn,
0%
air
0%
all
0%
all
0%
all
0%
an
0%
an
0%
ancient
0%
and
0%
And
0%
and
0%
and
0%
and
0%
and
0%
and
0%
and
0%
and
0%
And
0%
and
0%
and
0%
and
0%
and
0%
and
0%
and
0%
And
0%
and
0%
and
0%
and
0%
And
0%
and
0%
and
0%
and
0%
and
0%
and
0%
and
0%
angels
0%
angels
0%
angels
0%
answer
0%
aptly
0%
“art
0%
as
0%
as
0%
as
0%
as
0%
ashore,
0%
at
0%
at
0%
at
0%
back
0%
back
0%
Back
0%
balm
0%
“Be
0%
be
0%
be
0%
beak
0%
beast
0%
beating
0%
before;
0%
before;
0%
before.”
0%
before—
0%
before.
0%
beguiling
0%
beguiling
0%
being
0%
bends
0%
betook
0%
bird
0%
bird
0%
Bird
0%
bird
0%
bird
0%
bird
0%
bird
0%
bird
0%
bird,
0%
bird
0%
black
0%
blessed
0%
bore;
0%
bore
0%
bore—
0%
bosom’s
0%
both
0%
broken
0%
burden
0%
burden
0%
burned
0%
burning,
0%
bust
0%
bust,
0%
bust
0%
bust
0%
bust
0%
But
0%
But
0%
But,
0%
but
0%
But
0%
But
0%
By
0%
By
0%
by
0%
by
0%
by
0%
by
0%
by
0%
cannot
0%
Caught
0%
censer
0%
chamber
0%
chamber
0%
chamber
0%
chamber
0%
chamber
0%
clasp
0%
Clasp
0%
core;
0%
countenance
0%
craven,
0%
crest
0%
cried,
0%
croaking
0%
curtain
0%
cushioned
0%
cushion’s
0%
dared
0%
darkness
0%
days
0%
decorum
0%
Deep
0%
denser,
0%
desert
0%
Desolate
0%
devil!
0%
devil!—
0%
did
0%
dirges
0%
Disaster
0%
discourse
0%
distant
0%
divining,
0%
door,
0%
door!”
0%
door!
0%
door—
0%
door—
0%
door—
0%
door;
0%
Doubting,
0%
“Doubtless,”
0%
dream
0%
dreaming
0%
dreams
0%
each
0%
ease
0%
ebony
0%
echo
0%
enchanted—
0%
engaged
0%
ever
0%
Ever
0%
evil!—
0%
evil!—
0%
explore—
0%
explore;—
0%
expressing
0%
eyes
0%
faintly
0%
Fancy
0%
fancy,
0%
fancy
0%
fancy
0%
fantastic
0%
farther
0%
fast
0%
faster
0%
fearing,
0%
feather
0%
felt
0%
fiend!”
0%
fiery
0%
filled
0%
flirt
0%
floating
0%
floor.
0%
floor
0%
floor;
0%
flown
0%
flown
0%
flung
0%
flutter,
0%
fluttered—
0%
followed
0%
Followed
0%
foot-falls
0%
For
0%
forget
0%
form
0%
fowl
0%
fowl
0%
friends
0%
from
0%
from
0%
from
0%
from
0%
from
0%
from
0%
from
0%
front
0%
gaunt,
0%
gave
0%
“Get
0%
Ghastly
0%
ghastly,
0%
Gilead?—
0%
gloated
0%
gloating
0%
God
0%
God
0%
grave
0%
grew
0%
grim,
0%
grim
0%
guessing,
0%
hath
0%
hath
0%
hath
0%
haunted—
0%
have
0%
have
0%
he
0%
he;
0%
he;
0%
he
0%
he
0%
he
0%
he
0%
head
0%
hear
0%
heard
0%
heard
0%
heart
0%
heart,
0%
heart,
0%
Heaven
0%
help
0%
here
0%
here
0%
here
0%
him
0%
his
0%
his
0%
his
0%
his
0%
his
0%
his
0%
home
0%
Hope
0%
Hopes
0%
Horror
0%
human
0%
I
0%
I
0%
I
0%
I
0%
I
0%
I,
0%
I,
0%
I,
0%
I
0%
I
0%
I
0%
I
0%
I
0%
I
0%
I
0%
I
0%
I
0%
I
0%
I
0%
I,
0%
I
0%
I
0%
I
0%
if
0%
if
0%
if,
0%
if
0%
implore—
0%
implore!”
0%
in
0%
in
0%
in
0%
in
0%
In
0%
in
0%
into
0%
into
0%
into
0%
into
0%
into
0%
into
0%
is,
0%
is
0%
is
0%
Is
0%
is
0%
is
0%
is
0%
It
0%
it
0%
it
0%
it
0%
its
0%
its
0%
just
0%
kind
0%
laden
0%
lady,
0%
lamp-light
0%
lamp-light
0%
lamp-light
0%
land
0%
lattice;
0%
least
0%
Leave
0%
Leave
0%
leave
0%
“Lenore?”
0%
“Lenore!”—
0%
Lenore!”
0%
Lenore—
0%
Lenore;
0%
Lenore.”
0%
lent
0%
Let
0%
Let
0%
lie
0%
lies
0%
lining
0%
lining
0%
linking
0%
little
0%
little
0%
living
0%
loneliness
0%
lonely
0%
long
0%
lord
0%
lordly
0%
lost
0%
louder
0%
made
0%
maiden
0%
maiden
0%
many
0%
marvelled
0%
master
0%
me
0%
me—
0%
me
0%
me
0%
me
0%
me—
0%
me,
0%
me
0%
me,
0%
meaning—
0%
Meant
0%
melancholy
0%
memories
0%
Merely
0%
methought,
0%
mien
0%
minute
0%
moment
0%
more
0%
more.
0%
more
0%
more.
0%
more!”
0%
morrow
0%
mortal
0%
Much
0%
murmured
0%
muttered
0%
my
0%
my
0%
my
0%
my
0%
my
0%
my
0%
my
0%
my
0%
my
0%
my
0%
my
0%
my
0%
my
0%
my
0%
my
0%
my
0%
myself
0%
mystery
0%
mystery
0%
name
0%
name
0%
name
0%
name
0%
nepenthe
0%
nepenthe
0%
‘Never—
0%
never
0%
“Nevermore.”
0%
“Nevermore.”
0%
“Nevermore.”
0%
“Nevermore.”
0%
“Nevermore.”
0%
“Nevermore.”
0%
“Nevermore.”
0%
nevermore’.”
0%
“Nevermore.”
0%
nevermore!
0%
Nightly
0%
Night’s
0%
Night’s
0%
no
0%
no
0%
no
0%
no
0%
no
0%
no
0%
Not
0%
not
0%
not
0%
nothing
0%
Nothing
0%
nothing
0%
nothing
0%
now
0%
now,
0%
obeisance
0%
o’er,
0%
o’er
0%
o’er,
0%
of
0%
of
0%
of
0%
of
0%
of
0%
of
0%
of
0%
of
0%
of
0%
of
0%
of
0%
of
0%
of
0%
of
0%
Of
0%
of
0%
of
0%
off
0%
oh
0%
ominous
0%
ominous
0%
on
0%
on
0%
on
0%
On
0%
on
0%
on
0%
On
0%
On
0%
on
0%
one
0%
one
0%
one
0%
only
0%
only
0%
only
0%
Open
0%
opened
0%
or
0%
or
0%
or
0%
or
0%
or
0%
or
0%
or
0%
“Other
0%
our
0%
out
0%
out
0%
outpour.
0%
Pallas
0%
pallid
0%
parting,
0%
peering,
0%
perched
0%
Perched
0%
Perched,
0%
perfumed
0%
placid
0%
plainly,
0%
plume
0%
Plutonian
0%
Plutonian
0%
press,
0%
“Prophet!”
0%
prophet
0%
“Prophet!”
0%
prophet
0%
purple
0%
Quaff,
0%
quaff
0%
quit
0%
Quoth
0%
Quoth
0%
Quoth
0%
Quoth
0%
Quoth
0%
radiant
0%
rare
0%
Raven
0%
Raven
0%
Raven
0%
Raven
0%
Raven
0%
Raven
0%
Raven,
0%
Raven
0%
Raven
0%
reclining
0%
relevancy
0%
repeating
0%
reply
0%
respite
0%
Respite—
0%
rustling
0%
sad
0%
sad,
0%
said
0%
said
0%
said
0%
said,
0%
said
0%
said
0%
sainted
0%
saintly
0%
sat,
0%
sat
0%
sat
0%
scarce
0%
scarcely
0%
sculptured
0%
seat
0%
see,
0%
seeing
0%
sent,
0%
sent
0%
Seraphim
0%
shadow
0%
shadow
0%
shall
0%
shall
0%
shaven,
0%
She
0%
shore!
0%
shore!”
0%
shore—
0%
shorn
0%
shrieked,
0%
shutter,
0%
sign
0%
silence
0%
silken,
0%
sinking,
0%
sitting
0%
smiling,
0%
smiling,
0%
So
0%
so
0%
so
0%
some
0%
something
0%
somewhat
0%
songs
0%
Soon
0%
sorrow
0%
soul
0%
soul
0%
soul
0%
soul
0%
soul
0%
spoke
0%
spoken!
0%
spoken,
0%
spoken
0%
Startled
0%
stately
0%
stayed
0%
stepped
0%
stern
0%
still,
0%
still
0%
still
0%
still,
0%
still
0%
stillness
0%
stillness
0%
stock
0%
stood
0%
stood
0%
stopped
0%
store
0%
Straight
0%
streaming
0%
such
0%
sure
0%
sure
0%
“surely
0%
“Surely,”
0%
Swung
0%
syllable
0%
Take
0%
take
0%
tapping
0%
Tell
0%
tell
0%
tell
0%
Tell
0%
tell
0%
tempest
0%
tempest
0%
Tempter
0%
terrors
0%
than
0%
than
0%
that
0%
that
0%
That
0%
that
0%
that
0%
that
0%
that
0%
that
0%
that
0%
that
0%
that
0%
that
0%
that
0%
that
0%
that
0%
That
0%
the
0%
the
0%
the
0%
the
0%
the
0%
the
0%
the
0%
the
0%
the
0%
the
0%
the
0%
the
0%
the
0%
the
0%
the
0%
the
0%
the
0%
the
0%
the
0%
the
0%
the
0%
the
0%
the
0%
the
0%
the
0%
the
0%
the
0%
the
0%
the
0%
the
0%
the
0%
the
0%
the
0%
the
0%
the
0%
the
0%
the
0%
the
0%
the
0%
the
0%
the
0%
the
0%
the
0%
the
0%
the
0%
thee—
0%
thee
0%
thee
0%
thee
0%
Then
0%
then
0%
Then,
0%
then,
0%
Then
0%
Then,
0%
then
0%
there
0%
there—
0%
there
0%
there
0%
there
0%
thereat
0%
these
0%
“thing
0%
“thing
0%
thinking
0%
this
0%
this
0%
this
0%
this
0%
this
0%
this
0%
this
0%
This
0%
This
0%
this
0%
This
0%
this
0%
this
0%
this
0%
this
0%
thou,”
0%
Though
0%
“Though
0%
Thrilled
0%
throws
0%
thy
0%
thy
0%
thy
0%
“thy
0%
thy
0%
thy
0%
thy
0%
Till
0%
Till
0%
till
0%
tinkled
0%
’Tis
0%
to
0%
to
0%
to
0%
to
0%
To
0%
token,
0%
token
0%
tossed
0%
truly,
0%
tufted
0%
turning,
0%
unbroken,
0%
unbroken!—
0%
uncertain
0%
undaunted,
0%
ungainly,
0%
ungainly
0%
unhappy
0%
unmerciful
0%
unseen
0%
unto
0%
upon
0%
upon
0%
upon
0%
upstarting—
0%
us—
0%
uttered—
0%
utters
0%
velvet
0%
velvet
0%
velvet-violet
0%
wandering
0%
was
0%
was
0%
was
0%
was
0%
we
0%
we
0%
“what
0%
what
0%
what
0%
What
0%
what
0%
wheeled
0%
when,
0%
whether
0%
Whether
0%
whispered
0%
whispered,
0%
whom
0%
whom
0%
whom
0%
whose
0%
whose
0%
whose
0%
wide
0%
will
0%
wind
0%
window
0%
with
0%
with
0%
with
0%
With
0%
with
0%
with
0%
with
0%
with
0%
within
0%
within
0%
wondering,
0%
word,
0%
word
0%
word
0%
word
0%
word,
0%
word,
0%
wore,
0%
“Wretch,”
0%
yet
0%
yet
0%
yore
0%
yore—
0%
yore;
0%
you”—
0%

Score Distribution

Percentile by Number Answered

Percent of People with Each Score

Your Score History

You have not taken this quiz